Statistics for Who directed those MCU movies

Click here to take the quiz!

General Stats

  • This quiz has been taken 14 times
  • The average score is 13 of 28

Answer Stats

HintAnswer% Correct
Iron ManJon Favreau
100%
Iron Man 2Jon Favreau
91%
Guardians Of The GalaxyJames Gunn
82%
The AvengersJoss Whedon
82%
Guardians Of The Galaxy Vol. 2James Gunn
64%
Iron Man 3Shane Black
64%
Spider-Man: HomecomingJon Watts
55%
Avengers: Age Of UltronJoss Whedon
55%
Ant-manPayton Reed
55%
Thor: RagnarokTaika Waititi
55%
Avengers: Infinity WarAnthony and Joe Russo
45%
Captain America: Civil WarAnthony and Joe Russo
45%
EternalsChloe Zhao
45%
Spider-Man: No Way HomeJon Watts
45%
Spider-Man: Far From HomeJon Watts
45%
ThorKenneth Branagh
45%
Ant-man And The WaspPeyton Reed
45%
Black PantherRyan Coogler
45%
Doctor Strange In The Multiverse Of MadnessSam Raimi
45%
Captain America: The Winter SoldierAnthony And Joe Russo
36%
Avengers: EndgameAnthony and Joe Russo
36%
Captain America: The First AvengerJoe Johnston
36%
Shang-Chi And The Legend Of The Ten RingsDestin Daniel Cretton
27%
Doctor StrangeScott Derrickson
27%
Thor: The Dark WorldAlan Taylor
18%
Black WidowCate Shortland
18%
The incredible HulkLouis Leterrrier
18%
Captain MarvelAnna Boden and Ryan Fleck
9%

Score Distribution

Percentile by Number Answered

Percent of People with Each Score

Your Score History

You have not taken this quiz